000 00941nam a2200301Ia 4500
001 35601
003 IT-RoPAU
008 130308s9999 xx 000 0 und d
040 _aIT-RoPAU
040 _cIT-RoPAU
041 _aITALIANO
100 _aMusorgskij Modest
100 _gCodice Aut. SPICS: 3431
245 _aBoris Godunov (dramma popolare in un prologo e quattro atti)
245 _bBoris Godunov (Dramma Popolare in un Prologo e Quattro Atti)
250 _a1a ed.
260 _aMILANO
260 _bSonzogno
260 _c1908 [1° Ed.:1908 - Ed.Ling.Originale:1872]
300 _a"80 p. (prefazione: no ; testo: 80)"
500 _aLibretto Parole e Musica di Modest Musorgskij scenario Popolare Russo da Puskin e Karamsin versione Italiana di G. Macchi e E. Magni
650 _aAUTORI/OPERE DI MUSICA
650 _eCodice materia Spics: 7007
942 _cBK
957 _71
999 _c73767
_d73767
999 _bSI
999 _g1